MARC

LEADER 00000nam0a2200000 4500
001 255771
005 20231101233044.0
010 |a 5211002318 
020 |a RU  |b 89-64516 
035 |a (RuTPU)RU\TPU\book\278309 
090 |a 255771 
100 |a 20140401d1989 k y0rusy5003 ca 
101 0 |a rus 
102 |a RU 
105 |a y z 001zy 
200 1 |a Самосознание и самооценка при аномалиях личности  |f Е. Т. Соколова 
210 |a Москва  |c Изд-во МГУ  |d 1989 
215 |a 213,[2] с. 
320 |a Библиогр.: с. 210-214 (97 назв.). 
606 1 |a Психиатрия  |2 stltpush  |3 (RuTPU)RU\TPU\subj\53099  |9 71449 
610 1 |a самосознание 
610 1 |a патопсихология 
610 1 |a пограничные состояния 
610 1 |a психические болезни 
610 1 |a психические заболевания 
610 1 |a психические патологии 
610 1 |a психические расстройства 
610 1 |a самооценка 
610 1 |a личность 
675 |a 616.8  |z rus  |v 3 
700 1 |a Соколова  |b Е. Т.  |g Елена Теодоровна 
801 0 |a RU  |b RuMRKP  |c 19950417  |g psbo 
801 1 |a RU  |b 63413507  |c 20140401 
801 2 |a RU  |b 63413507  |c 20160111  |g RCR 
942 |c BK